| 000 | 01030cam a22003137a 4500 | ||
|---|---|---|---|
| 003 | CHAP | ||
| 005 | 20220329141604.0 | ||
| 008 | 971013s r 00010 d | ||
| 010 | _a70604 | ||
| 011 | _a71576 | ||
| 035 | _a81130 | ||
| 040 | _cCHAP | ||
| 090 | _aR-2109 | ||
| 100 | 0 | 0 |
_aCalderón de Rzedowski, Graciela. _917385 |
| 245 | 1 | 4 | _aUna nueva especie de Tauschila (Umbelliferae) del Estado de México |
| 500 | _aSobretiro de: Boletín de la Sociedad Botánica de México. 41 : 19-21, 1981 | ||
| 590 |
_aBATCH-UPD _b10 _c20130110 _lUCH01 _h0737 |
||
| 590 |
_aBATCH-UPD _b10 _c20130110 _lUCH01 _h2348 |
||
| 590 |
_aBATCH-UPD _b10 _c20130410 _lUCH01 _h0419 |
||
| 590 |
_aBATCH-UPD _b10 _c20130914 _lUCH01 _h1036 |
||
| 590 |
_aCONVERSION _b10 _c20130109 _lUCH01 _h1339 |
||
| 650 | 1 | 4 |
_aTauschia. _9111751 |
| 650 | 1 | 4 |
_aUmbelíferas. _9116083 |
| 700 | 0 |
_aConstance, Lincoln. _927355 |
|
| 901 | _aBK | ||
| 942 | _cFOLL | ||
| 949 |
_aR-2109 _bBC _cR _d-34303 _eTS1 _i81130 _si |
||
| 949 |
_aR-2109 _bBC _cR _d-34305 _eTS2 _fc.2 _i81130 _si |
||
| 999 |
_c70604 _d70604 |
||